[Event "Gibraltar Masters"]
[Site "Caleta"]
[Date "2015.02.02"]
[Round "7"]
[White "Adhiban, Baskaran"]
[Black "Naroditsky, Daniel"]
[Result "0-1"]
[Annotator "RB,Ramesh"]
[WhiteElo "2630"]
[BlackElo "2622"]
[WhiteFideId "-1"]
[BlackFideId "-1"]
[PlyCount "122"]
[GameId "1166659097346048"]
[EventDate "2015.01.27"]
[EventType "swiss"]
[EventRounds "10"]
[EventCountry "GGB"]
[SourceTitle "2025.12"]
[SourceDate "2025.12.01"]
[SourceVersion "1"]
[SourceVersionDate "2025.12.01"]
[SourceQuality "1"]

{I had the honor of working online with Danya regularly for a few months during the COVID-19 lockdown. He was heavily into streaming and during our time together I was amazed by his drive and energy on camera. I remember warning him about the risks of becoming an online celebrity -- such a role brings loss of privacy along with comments and insinuations from practically everyone it seems. Danya had an infinite hunger for analysis, and we had a few sessions with Praggnanandhaa, Karthikeyan Murali, and Aravindh Chithambaram among others during that time. He was very strong over-the-board, and even then he had expressed his wish to return to tournament play. I have chosen to annotate this game in part because I have worked with Adhiban as well and so I understand a bit about both players and their enterprising styles.} 1. Nf3 d5 2. c4 d4 3. b4 {What can one expect when two creative players face each other? Fireworks from the beginning!} Bg4 {What happened to knights before bishops?} 4. Ne5 {Now White moves an already developed piece again, and on move 4?} Bf5 5. e3 Qd6 $5 {I thought we weren't supposed to bring the queen out too early!} (5... dxe3 6. fxe3 e6 {would have led to normal-looking positions.}) 6. Nf3 {Both players are giving themselves space to show their creativity from the word go. Such battles are a treat to watch!} ({Nevertheless, we should note that White might have considered} 6. f4 $5 {with an advantage.}) 6... e5 $6 ({After} 6... dxe3 7. fxe3 Qxb4 8. Nc3 Nf6 {White still has to show his compensation on the board.}) 7. c5 {Now the e5-d4 pawn chain comes under scrutiny from the white pieces} Qd5 {[#]} 8. Bb5+ $5 (8. Bb2 {gives White a solid advantage, while after}) (8. Qb3 $5 Qxb3 9. axb3 f6 10. exd4 (10. Bb5+ $1 {is the engine suggestion, but we would need more analysis to understand this!}) 10... Bxb1 11. Rxb1 e4 12. Ng1 Nc6 {we have reached an interesting position.}) 8... c6 9. Ba4 $1 {Very provocative moves from both players!} Bg4 $5 {All three minor pieces that are developed have moved more than once already!} ({If} 9... Bd3 10. Bb3 $1 Qe4 11. Bxf7+ $1 Kd8 $1 12. Na3 $1 {with the idea of Bf7-c4, getting rid of the thorn on d3, followed by Qd1-b3.}) 10. Bb3 $1 Bxf3 11. gxf3 Qd8 {After 11 moves, both sides have managed to get ONE minor piece off the first rank!} 12. Na3 $6 (12. f4 $1 exf4 13. Bb2 dxe3 14. O-O $1 {is not for the faint of heart! I like to examine such ideas as possible training material for my students.}) 12... Na6 $1 {Invoking distant opposition of the knights!} 13. Nc4 Nxb4 14. Nxe5 {Taking aim at f7.} Nh6 $1 {Is there one opening principle that the players have not broken in this game?!} 15. d3 $2 {Too meek for a player called "the Beast!"} (15. f4 f6 16. Ba3 $5 Bxc5 17. Qh5+ g6 18. Qxh6 fxe5 19. Qg7 {is a total mess.}) 15... Bxc5 $6 (15... f6 16. Nc4 Bxc5 17. e4 Nf7 {black's play is more easier}) 16. e4 {It might appear that the h6-knight is feeling the heat, but Danya has understood the position very deeply.} Qe7 17. f4 ({Better is} 17. Bxh6 Qxe5 18. f4 $1 {leading to complications that ultimately appear to favor White.}) 17... f6 {Allowing Qd1-h5+.} ({Possibly better was} 17... O-O-O 18. O-O f6 {.}) 18. Nf3 ({White passes up the chance to make use of the premature ...h7-h6 with} 18. Qh5+ g6 19. Qxh6 fxe5 20. Ke2 $1 {, a clean way to defend the d3-weakness and connect the rooks! After} exf4 21. Bxf4 Rf8 22. Rag1 a5 {Black is trying to create chances on the queenside, but now the computers note the cold-blooded only-move} 23. Rxg6 $1 hxg6 24. Qxg6+ Kd7 25. Qg4+ $1 Ke8 {when White can force a draw.}) 18... Nd5 $5 ({I would not be surprised if spectators were expecting} 18... O-O-O {instead.}) 19. Nh4 $5 {Both players feel it is best behavior to move their knights when the opponent does the same!} (19. Kf1 Nc3 20. Qc2 O-O-O {would appear to be the logical continuation for both sides.}) 19... O-O-O {Finally someone castles ...} 20. Kf1 {...but the rule of symmetry only goes so far for Adhiban!} f5 $5 {Does anyone understand what is going on here?} 21. exd5 $1 Qxh4 22. h3 {[#] Preventing ...Qh4-h3+ and also keeping the h6-knight under control.} Bb4 $5 {Provocative to the core. Black is not worried about 23.dxc6 weakening his king position.} ({The position after} 22... Rhe8 {is unclear.}) 23. Bb2 $4 {The decisive mistake.} ({White should have accepted the challenge with} 23. dxc6 $1 bxc6 24. Bd2 {and now Black has to find} Ng4 $1 {to justify his earlier play:} 25. Qf3 Qxf2+ $1 26. Qxf2 Nxf2 27. Bxb4 Nxh1 28. Kg2 Rhe8 $1 29. Kxh1 Re3 {with an unclear position.}) 23... c5 {White has two bishops AND two doubled pawns! The main difference is in the king positions: Black feels extremely safe.} 24. Rc1 Qxf4 {Don't forget that Black also has two healthy extra pawns.} 25. a3 Bc3 $1 26. Bxc3 dxc3 27. Rxc3 Qd4 28. Qc2 b6 {Black is quickly consolidating his position while White's pieces lack harmony and are scattered. The h1-rook is particularly sad.} 29. Rg1 Kb8 {The game is practically over for White at this point.} 30. a4 Nf7 31. a5 Nd6 32. axb6 axb6 33. Ba4 Qxd5 34. Qb2 Nc8 $1 35. Rb3 g6 36. Rg3 {[#]} ({Black has a decisive advantage after} 36. Rxb6+ Nxb6 37. Qxb6+ Qb7 {.}) 36... f4 $2 {A big mistake, letting White back into the game.} ({Instead} 36... Rhf8 {keeps the pressure on.}) 37. Rg5 $1 Qd6 ({Other possibilities here include} 37... Qh1+ 38. Ke2 c4 $1 39. Qe5+ $1 Kb7 $1 40. Rc3 Nd6 $1 41. Qd5+ Qxd5 42. Rxd5 cxd3+ 43. Rcxd3 Kc7 44. Rc3+ Kb8 45. Rcd3 Nb7 46. Rxd8+ Rxd8 47. Rxd8+ Nxd8 48. Kf3 Ne6 49. Bd7 Nc5 50. Bb5 {with counterplay, and}) (37... Qxg5 38. Rxb6+ Nxb6 39. Qxb6+ Kc8 {leads to a perpetual.}) 38. Rb5 $6 ({Strongest was} 38. Rc3 $1 Qd4 (38... Kc7 $2 39. Qb4 $1 {gives White lots of threats}) 39. Rgxc5 Qxa4 $1 40. Rb3 $1 Kb7 41. Rc4 $1 {when, despite being a full piece down, White has sufficient counterplay against the black king. If} Qd7 42. Rxc8 $1 Kxc8 43. Rxb6 {.}) 38... Rhe8 39. Rgxc5 f3 {Danya plays for mate with the idea of ...Qd6-h2 next, but the stronger} (39... Qxd3+ 40. Kg1 Re6 {really puts Black back in the driver's seat.}) 40. Rc1 $2 {Another move 40 blunder!} ({White can give stiff resistance with} 40. Qb4 $1 Qxd3+ 41. Kg1 Re6 42. Qf4+ {.}) 40... Re2 41. Qb4 Qxb4 $2 (41... Rxf2+ $1 {would have led to a pretty win for Black:} 42. Kxf2 Qh2+ 43. Ke3 (43. Kxf3 Rxd3+ {with mate soon}) 43... Re8+ $1 44. Kxf3 (44. Kd4 Qf4+) 44... Qe2+ 45. Kf4 Rf8+ $1 46. Qxf8 Qf2+ {and so forth.}) 42. Rxb4 Rxd3 {[#] It appears that Black should win easily with his two extra pawns, but the engine shows that it's not as simple as it looks.} 43. Rf4 $1 {Threatening both Rf4-f8 and Rf4xf3.} Re5 44. Rf8 Rc5 45. Rxc5 $6 (45. Rb1 Kc7 46. Rf7+ {gives White counterplay.}) 45... bxc5 46. Ke1 Rd4 47. Bd1 $1 Kc7 48. Bxf3 $6 {It's perfectly understandable to decide to win back one pawn after being two pawns down for so long.} ({Still, the right move was} 48. Rf7+ $1 Rd7 49. Rxf3 Nd6 50. h4 {when White has enough counterplay to hold.}) 48... Nb6 $2 (48... Nd6 $1 49. Rh8 Rh4 {is a cleaner advantage.}) 49. Ke2 $6 (49. Rf7+ $1 Rd7 50. Rf8 {is only a little better for Black.}) 49... Nd7 $6 ({Stronger was} 49... c4 $1 50. Rf6 Na4 $1 {.}) 50. Rf7 $1 {[#] Now the position is equal once more.} c4 51. Bg4 $4 {The last mistake.} (51. Ke3 $1 Rd3+ 52. Ke2 {would have kept the balance.}) 51... Kc6 $1 {Now Danya finishes things cleanly and leaves Adhiban no chances.} 52. Rxh7 Nc5 $1 53. Rg7 Rd6 54. Ra7 c3 {White's bishop is unable to join the battle to stop the advancing c-pawn.} 55. Ra3 Rd2+ 56. Ke3 Rd3+ $1 57. Ke2 c2 58. Ra1 Rc3 59. Kd2 Rc4 60. Be6 Nb3+ 61. Kd3 Nxa1 {A very interesting fight testing both player's nerves to the utmost. We will miss you Danya!} 0-1

[Event "World Team Ch"]
[Site "Tsaghkadzor"]
[Date "2015.04.22"]
[Round "4.4"]
[White "Naroditsky, Daniel"]
[Black "Jakovenko, Dmitry"]
[Result "1-0"]
[Annotator "Donaldson"]
[WhiteElo "2633"]
[BlackElo "2744"]
[WhiteFideId "-1"]
[BlackFideId "-1"]
[PlyCount "101"]
[GameId "1165544090906624"]
[EventDate "2015.04.19"]
[EventType "team-tourn"]
[EventRounds "9"]
[EventCountry "ARM"]
[SourceTitle "2025.12"]
[SourceDate "2025.12.01"]
[SourceVersion "1"]
[SourceVersionDate "2025.12.01"]
[SourceQuality "1"]
[WhiteTeam "United States"]
[BlackTeam "Russia"]
[WhiteTeamCountry "USA"]
[BlackTeamCountry "RUS"]

{[%evp 0,101,19,31,34,19,13,17,12,5,17,20,14,-27,-28,-32,-4,-68,-6,-32,6,-10,19,14,18,-32,-24,-48,-23,-53,-41,-35,-21,-18,-9,-5,-3,2,2,-17,4,22,15,15,27,28,33,31,39,30,34,38,40,58,54,86,70,68,141,26,31,24,71,85,184,183,166,193,196,194,148,108,120,127,90,111,174,156,156,133,274,201,201,225,218,218,251,252,275,220,211,201,202,214,209,238,237,247,239,243,243,259,257,277]} 1. e4 e5 2. Nf3 Nc6 3. Bc4 {Daniel invariably played the Ruy Lopez in games played at classical time controls. In blitz and rapid he often experimented with 1.e4 e5 2.Nf3 Nc6 3.Nc3 Nf6 4.g3 and 4.d4 exd4 5.Nd5. So what is he doing here?  The explanation is that Daniel had played Jakovenko as White in Gibraltar earlier in the year, and the latter had drawn comfortably with his favorite Berlin Defense to the Ruy Lopez. Knowing he needed to put the Russian grandmaster, who was rated in the top 20 in the world at the time, under pressure, Daniel, for the first and only time in his career, plays the modern version of the Italian Game, hoping to surprise his opponent.} Bc5 4. d3 Nf6 5. O-O O-O 6. Re1 {This move is not as popular as 6.c3, 6.Bg5, 6.h3, 6.Nc3 or 6.Nbd2, but the idea was to avoid the sequence 6. c3 d5 7.exd5 Nxd5, which was doing well for Black 10 years ago. Today, it's still a reasonable choice for Black, but not as fashionable.} d6 (6... Ng4 7. Re2 Kh8 8. h3 f5 {is one reason 6.Re1 is not seen so often. The piece offer cannot be accepted as} 9. hxg4 $2 fxg4 10. Ng5 g3 {provides Black with more than ample compensation for the piece.}) 7. c3 a6 8. Bb3 Ba7 {Jakovenko anticipates the advance d3-d4 by getting his bishop out of the way.} 9. h3 ({This prophylactic move is needed, as after} 9. Nbd2 {Black gets good play with} Ng4 10. Re2 Kh8 11. h3 Nh6 12. Nf1 f5 13. Bxh6 gxh6 {, when Black's active pieces and attacking chances compensate for the ragged pawn structure.}) 9... h6 10. Nbd2 Re8 11. Nf1 Be6 12. Bc2 {Keeping the light-squared bishops on the board is Daniel's most aggressive option, retaining a potentially important attacking piece. A year earlier Gata Kamsky had played 12.Ng3 against Jakovenko, a game that Daniel was well aware of.} d5 13. Qe2 {[#] Daniel, in his notes to the game, wrote: "I was aiming for this type of position in my preparation. Black has an impressive space advantage, but no clear plan of action. White has no objective advantage, but I could sense that Jakovenko was out of his comfort zone." White's position is in some ways like an improved Philidor Defense with colors reversed, as the bishop on c2 has more potential than one on e7.} b5 {This aggressive move sets White a problem, as now the natural 14. Ng3?! is met by 14....dxe4 15.dxe4 Bc4!, which forces White to offer the trade of queens. This would have ended any hopes Daniel had to put Black under pressure, as Jakovenko has always been an exceptional technical player in simplified positions.} 14. Rd1 {This move signals White is thinking of playing d3-d4, which explains Jakovenko's next move.} d4 15. Ng3 a5 16. Bb3 {This move might seem like a waste of time after White's 12th move, which specifically avoided the trade of bishops, but the position has changed -- Black was threatening to play ... a5-a4 shutting it out, so now it's the right decision.} a4 17. Bxe6 Rxe6 18. Nf5 {[#] Daniel writes: "A critical position. The cold-blooded 18. ... Ne7 would have kept the position balanced, but my opponent -- after quite a bit of vacillation -- decides to strike immediately."} a3 {Jakovenko is looking for active counterplay on the opposite side.} ({Daniel writes that Jakovenko evidentally rejected} 18... Ne7 {because of} 19. Bxh6 $5 (19. N3h4 {"would probably have been my choice" (D.N.).}) 19... gxh6 20. Nxh6+ Kg7 21. Ng5 Qe8 22. Nhxf7 Ng6 23. Nxe6+ Qxe6 24. Ng5 Qd7 {and "Black is definitely not worse."}) 19. Qc2 {"Now, Black is compelled to release the central tension." - D.N.} axb2 20. Bxb2 dxc3 21. Bxc3 Qe8 22. Qb2 Rb8 23. Rac1 Kh7 24. a3 {[#] "Timely prophylaxis against ... b5-b4. White's pieces are ideally placed, and the pressure has reached a zenith. With mutual time trouble approaching, my opponent desperately tries to alter the game." Black is doomed to a passive defence, though the position remains very solid.} g6 $6 {Dmitry manages to push the knight away, but his king is not completely safe anyway.} ({Black could also try} 24... Rb7 {hoping to follow up with ...Ng8-e7 or even the immediate}) (24... Ng8 {. Both these moves leave Black very solid, but White with the easier position to play due to his more active pieces. The move played by Jakovenko is easy to understand -- it's awkward when your opponent has a knight on f5 -- but this move and the next weaken Black's position.}) 25. Ne3 Bxe3 $6 {This move reduces Daniel's attacking pieces but at the cost of once again allowing White the long-term plan d3-d4.} (25... Rb7 26. Nd5 Nd7 {was better, if passive.}) 26. fxe3 Nd7 27. Be1 $1 {This multipurpose move opens the c-file while preparing the bishop to get to a superior square on g3.} Rb6 28. Bg3 b4 {Jakovenko is trying to activate his pieces, but Daniel doesn't let him.} 29. a4 $1 {[#]} ({Best! The immediate} 29. d4 {initially looks crushing but allows Black to escape with} exd4 30. exd4 Rxe4 31. Bxc7 Re2 32. Qb3 Na5 33. Qd3 Re3 34. Qf1 Rf6 35. axb4 Nb3 36. Rc2 Nxd4 37. Rxd4 Rfxf3 38. Rf2 Rxf2 39. Qxf2 Re2 40. Qf3 Re3 {and Black is holding.}) 29... Ra6 30. Qb3 ({The immediate} 30. d4 $5 exd4 31. exd4 Rxe4 32. Qb3 $1 Re3 33. Qc4 {is even stronger, but Daniel's move is also good as Black cannot stop d3-d4 in any case.}) 30... Rb6 ({Black has hopes of obtaining counterplay by advancing his b-pawn, but this is too optimstic an approach. Instead he should have tried to stand his ground with} 30... Qe7 31. d4 Na5 32. Qb2 Rec6 {, although after} 33. Qe2 {White retains a substantial advantage.}) 31. d4 $1 {[#]} exd4 $2 {Opening up the position is a decisive mistake. Sidestepping d4-d5 with} (31... Re7 {was forced, although after} 32. Rf1 f6 33. Qd5 {Black is getting squeezed.}) 32. exd4 Na5 ({White wins after} 32... Rxe4 33. Bxc7 Ra6 34. Qd3 {because} Ndb8 {is met by} 35. Be5 {trapping the rook.}) 33. Qd5 ({It's now a question of how White wants to win. Here} 33. Qd3 $1 {was possibly a bit cleaner:} c5 34. dxc5 Rb7 35. Nd4 Ne5 36. Bxe5 Rxe5 37. Qa6 Rxe4 38. c6 {wins material immediately.}) 33... c5 34. dxc5 Nf6 {Dmitry has managed to activate his knights, but the position is still terrible.} 35. Qd8 {[#] Daniel, in time pressure, strives to keep the position under control by simplifying.} (35. Qd3 Rb7 36. Nd4 Rxe4 37. c6 {was also winning.}) 35... Ra6 36. Qxe8 Rxe8 ({Or} 36... Nxe8 37. Nd4 Rxe4 38. c6 {and the passed c-pawn decides the game.}) 37. Rd6 $1 Rc6 (37... Rea8 {was more stubborn, although after} 38. Nd2 Ne8 39. Rb6 Nc6 40. Nc4 {White still has a dominating position.}) 38. Ne5 {This breaks the blockade. Now the d-pawn is a monster.} Rxd6 39. cxd6 Nxe4 ({On} 39... b3 40. d7 Rd8 41. Be1 $1 {wins.}) 40. d7 Rd8 {[#] "Deep breath. With 30 minutes added after move 40, I had all the time in the world to calculate, double-check, and quintuple-check. Many roads lead to Rome, but one stood out among the others." -- D.N.} 41. Be1 $1 f6 42. Rc8 Nb7 43. Rxd8 Nxd8 44. Bxb4 ({"The 'academic'} 44. Nd3 b3 45. Ba5 {wins as well, of course, but I could not resist." -- D.N.}) 44... fxe5 45. a5 Nf6 46. a6 Nxd7 47. a7 Nb6 48. Ba5 $1 {[#] The fulcrum on which everything stands. To stop the pawn, Black must not only give up a knight, but relegate the other one to passivity.} Na8 49. Bxd8 {The resulting endgame is hopeless since White is effectively a piece up.} Kg7 50. Kf2 Kf7 51. Ke3 {"Needless to say, I was elated after this win, which enabled Team USA to tie the match. It was also by first victory over a super-grandmaster; hopefully, it is not my last (fingers crossed)."} 1-0